=LDR 00000nam 2200000 4500 =001 INLIS000000000032592 =005 20130612134607 =008 ***********************************ind** =035 ##$$0010-061300000032592 =041 ##$$a ind =082 ##$$a 028.55 =090 ##$$a 028.55, Set c =100 ##$$a SETIAWAN, G Sasongko =245 ##$$a Corn ( jagung), Setiawan G.Sasongko ; ilustrator, Dedi Fadilah ; editor, M.Ihsan =260 ##$$a 2007 $b Jakarta =300 ##$$a 25 hlm, illus, 24 cm =650 ##$$a Bacaan kanak-kanak =700 ##$$a Fadilah, Dedi =850 ##$$a NBPNMAT